LEADER 01033cam0 2200265 450 001 E600200008754 005 20200701090743.0 100 $a20050217d1960 |||||ita|0103 ba 101 $aita 102 $aIT 200 1 $a"Quando amor mi spira" (Purg., XXIV, 52-63)$fSilvio Pellegrini 210 $aBologna$cCooperativa Tipografica Azzoguidi$d1960 215 $a197-211 p.$d23 cm. 300 $aEstr.da : Rendiconto delle Sessioni della Accademia delle Scienze dell'Istituto di Bologna - Classe di Scienze morali. Serie V - Vol. VIII 300 $aFondo E.Esposito 700 1$aPellegrini$b, Silvio$3A600200029867$4070$0189584 801 0$aIT$bUNISOB$c20200701$gRICA 850 $aUNISOB 852 $aUNISOB$j850.1|Opusc$m117445 912 $aE600200008754 940 $aM 102 Monografia moderna SBN 941 $aM 957 $a850.1|Opusc$b000026$gSi$d117445$hEsposito$rdono$1diguida$2UNISOB$3UNISOB$420050217095415.0$520200701090726.0$6Alfano 996 $a"Quando amor mi spira" (Purg., XXIV, 52-63)$91670647 997 $aUNISOB LEADER 01191nam0 22002651i 450 001 UON00324103 005 20231205104152.852 100 $a20090603d1951 |0itac50 ba 101 $aeng 102 $aGB 105 $a|||| ||||| 200 1 $aGenisis and geology$ea study in the relations of scientific thought, natural theology, and social opinion in Great Britain, 1790-1850$fCharles Coulston Gillispie1 210 $aCambridge$cHarvard University press$dc1951(printing 1969) 215 $axiii, 315 p.$d23 cm. 410 1$1001UON00300653$12001 $aHarvard Historical Studies$1210 $aCambridge$cHarvard University Press.$v58 606 $aGRAN BRETAGNA$xStoria. 1790-1850$3UONC071776$2FI 620 $dCambridge$3UONL000022 700 1$aGILLISPIE$bCharles Coulston$3UONV184662$044100 712 $aHarvard University Press$3UONV245793$4650 801 $aIT$bSOL$c20250620$gRICA 899 $aSIBA - SISTEMA BIBLIOTECARIO DI ATENEO$2UONSI 912 $aUON00324103 950 $aSIBA - SISTEMA BIBLIOTECARIO DI ATENEO$dSI EUR D B 0001 $eSI SS 1406 5 0001 996 $aGenisis and geology$91371684 997 $aUNIOR